| 000 | 01566nam a22002417a 4500 | ||
|---|---|---|---|
| 999 |
_c63420 _d63420 |
||
| 003 | Ge_BSU | ||
| 005 | 20251006212147.0 | ||
| 008 | 251006s2025 ge ||||| |||| 00| 0 geo d | ||
| 020 | _a 9789941518119 | ||
| 041 | _ageo | ||
| 080 | _a37.026(042.4) გ-20 | ||
| 245 |
_aგანათლების, სწავლა/სწავლებისა და აღზრდის საკითხები (თანამედროვე დიდაქტიკა) : _b II ნაწ. / _cავტორები : ი.ბასილაძე, ქ. ძოწენიძე, მ. ახვლედიანი, ნ. ჭოხონელიძე, ნ .ყანჩელი; აწსუ. პედაგოგიური ფაკულტეტი. პედაგოგიკის დეპარტამენტი. |
||
| 264 |
_aქუთაისი : _bაწსუ, _c2025. |
||
| 300 |
_a496 გვ.; _b29 სმ. |
||
| 653 | _aგანათლება | ||
| 700 |
_aბასილაძე, ი. _eავტორი _913339 |
||
| 700 |
_aძოწენიძე, ქ. _eავტორი _925942 |
||
| 700 |
_aახვლედიანი, მ. _eავტორი _911995 |
||
| 700 |
_aჭოხონელიძე, ნ. _eავტორი _925943 |
||
| 700 |
_aყანჩელი, ნ. _eავტორი _925944 |
||
| 710 |
_a აწსუ. _bპედაგოგიური ფაკულტეტი. პედაგოგიკის დეპარტამენტი. _925945 |
||
| 942 |
_2udc _cᲬᲘᲒᲜᲘ |
||